Uniform appraisal standards for federal land acquisitions : Interagency land acquisition conference

Bibliographic Details
Format: Book
Published: North Michigan Ave : Appraisal Institute , 2000
Subjects:

MARC

LEADER 00000cam a2200000 7i4500
001 0000012744
005 20050505.0
020 |a 092215466X 
040 |a INS 
090 0 0 |a HD1389.5   |b U6 I58 2000 
245 1 0 |a Uniform appraisal standards for federal land acquisitions :   |b Interagency land acquisition conference 
260 |a North Michigan Ave :   |b Appraisal Institute ,   |c 2000 
300 |a vii :   |b 129p ;   |c 28cm. 
650 0 0 |a Government purchasing of real property   |x United states 
650 0 0 |a Real property   |x Valuation   |y standards   |z united states 
999 |a 0000013913   |b BOOK   |c Open Shelf   |e Default branch